|
|
|
|
| LEADER |
03463nam a2200493 i 4500 |
| 001 |
35862 |
| 003 |
BD-DhAAL |
| 005 |
20211111102457.0 |
| 008 |
190917t2017 enka 001 0 eng |
| 999 |
|
|
|c 40624
|d 40624
|
| 010 |
|
|
|a 2017394112
|
| 020 |
|
|
|a 9780134791401
|
| 020 |
|
|
|a 0134791401
|
| 020 |
|
|
|a 9781292273730
|
| 020 |
|
|
|a 1292273739
|
| 040 |
|
|
|a DLC
|b eng
|c DLC
|e rda
|d BD-DhAAL
|
| 042 |
|
|
|a pcc
|
| 050 |
0 |
0 |
|a QA76.73.J38
|b D45 2017
|
| 082 |
0 |
0 |
|a 005.133
|2 23
|
| 100 |
1 |
|
|a Deitel, Paul J.
|9 34724
|
| 245 |
1 |
0 |
|a Java :
|b how to program late objects : introducing JShell /
|c Paul Deitel and Harvey Deitel
|
| 250 |
|
|
|a Eleventh edition, global edition
|
| 260 |
|
|
|a Harlow, United Kingdom :
|b Pearson Education Limited,
|c c2017, 2020
|
| 300 |
|
|
|a lii, 1186 pages :
|a 1242 pages ;
|c 24 cm.
|
| 490 |
0 |
|
|a Deitel series
|
| 500 |
|
|
|a "Late objects, introducing JShell; use with Java SE 8 or Java SE 9."
|
| 526 |
|
|
|a CSE
|
| 541 |
|
|
|a STS International, Karim International
|e 35862, 35861, 37132, 37133, 37134, 37135, 37136, 37137, 37138, 37139
|
| 650 |
|
0 |
|a Java (Computer program language)
|9 34725
|
| 650 |
|
0 |
|a Object-oriented programming (Computer science)
|9 34726
|
| 650 |
|
0 |
|a Computer science
|9 42510
|
| 700 |
1 |
|
|a Deitel, Harvey M.,
|d 1945-
|9 34727
|
| 852 |
|
|
|a Ayesha Abed Library
|c General Stacks
|
| 942 |
|
|
|2 ddc
|c BK
|
| 952 |
|
|
|0 0
|1 0
|2 ddc
|4 0
|6 005_133000000000000_DEI
|7 0
|9 66325
|a BRACUL
|b BRACUL
|c GEN
|d 2019-09-16
|e STS International
|g 4865.00
|l 5
|m 26
|o 005.133 DEI
|p 3010035862
|r 2025-08-28
|s 2025-08-21
|t 2
|v 4865.00
|w 2019-09-16
|y BK
|
| 952 |
|
|
|0 0
|1 0
|2 ddc
|4 0
|6 005_133000000000000_DEI
|7 0
|9 66326
|a BRACUL
|b BRACUL
|c GEN
|d 2019-09-16
|e STS International
|g 4865.00
|l 4
|m 22
|o 005.133 DEI
|p 3010035861
|r 2025-07-15
|s 2025-02-24
|t 1
|v 4865.00
|w 2019-09-16
|y BK
|
| 952 |
|
|
|0 0
|1 0
|2 ddc
|4 0
|6 005_133000000000000_DEI
|7 0
|9 67944
|a BRACUL
|b BRACUL
|c GEN
|d 2020-02-11
|e Karim International
|g 3670.00
|l 2
|m 14
|o 005.133 DEI
|p 3010037136
|r 2024-03-18
|s 2024-03-06
|t 7
|v 3670.00
|w 2020-02-11
|y BK
|
| 952 |
|
|
|0 0
|1 0
|2 ddc
|4 0
|6 005_133000000000000_DEI
|7 0
|9 67945
|a BRACUL
|b BRACUL
|c GEN
|d 2020-02-11
|e Karim International
|g 3670.00
|l 4
|m 43
|o 005.133 DEI
|p 3010037134
|q 2024-10-23
|r 2024-02-20
|s 2024-02-20
|t 5
|v 3670.00
|w 2020-02-11
|y BK
|
| 952 |
|
|
|0 0
|1 0
|2 ddc
|4 0
|6 005_133000000000000_DEI
|7 0
|9 67946
|a BRACUL
|b BRACUL
|c GEN
|d 2020-02-11
|e Karim International
|g 3670.00
|l 5
|m 34
|o 005.133 DEI
|p 3010037132
|r 2025-12-29
|s 2025-07-01
|t 3
|v 3670.00
|w 2020-02-11
|y BK
|
| 952 |
|
|
|0 0
|1 0
|2 ddc
|4 0
|6 005_133000000000000_DEI
|7 0
|9 67947
|a BRACUL
|b BRACUL
|c GEN
|d 2020-02-11
|e Karim International
|g 3670.00
|l 3
|m 53
|o 005.133 DEI
|p 3010037133
|r 2025-09-17
|s 2025-06-29
|t 4
|v 3670.00
|w 2020-02-11
|y BK
|
| 952 |
|
|
|0 0
|1 0
|2 ddc
|4 0
|6 005_133000000000000_DEI
|7 0
|9 67948
|a BRACUL
|b BRACUL
|c GEN
|d 2020-02-11
|e Karim International
|g 3670.00
|l 7
|m 49
|o 005.133 DEI
|p 3010037135
|q 2026-06-02
|r 2026-01-18
|s 2026-01-18
|t 6
|v 3670.00
|w 2020-02-11
|y BK
|
| 952 |
|
|
|0 0
|1 0
|2 ddc
|4 0
|6 005_133000000000000_DEI
|7 0
|9 67949
|a BRACUL
|b BRACUL
|c GEN
|d 2020-02-11
|e Karim International
|g 3670.00
|l 6
|m 4
|o 005.133 DEI
|p 3010037139
|r 2025-07-23
|s 2025-07-16
|t 10
|v 3670.00
|w 2020-02-11
|y BK
|
| 952 |
|
|
|0 0
|1 0
|2 ddc
|4 0
|6 005_133000000000000_DEI
|7 0
|9 67950
|a BRACUL
|b BRACUL
|c GEN
|d 2020-02-11
|e Karim International
|g 3670.00
|l 2
|m 19
|o 005.133 DEI
|p 3010037138
|r 2025-12-03
|s 2025-07-17
|t 9
|v 3670.00
|w 2020-02-11
|y BK
|
| 952 |
|
|
|0 0
|1 0
|2 ddc
|4 0
|6 005_133000000000000_DEI
|7 0
|9 67951
|a BRACUL
|b BRACUL
|c GEN
|d 2020-02-11
|e Karim International
|g 3670.00
|l 4
|m 54
|o 005.133 DEI
|p 3010037137
|r 2026-05-10
|s 2025-09-22
|t 8
|v 3670.00
|w 2020-02-11
|y BK
|